01160nam a22002651 45000010005000000030008000050050017000130080039000300200022000690350018000910400031001090410008001400820018001482450123001662600040002893000044003295040039003735050360004126500015007726500023007876500020008107000020008307000028008507000016008789628BD-RjUL20211208234817.0140121s1966 nyua b 001 0 eng a0125753055 (v. 5) a(BD-RjUL)9673 aDLC/ICUcICUdBD-RjULbeng aeng00a538bMAG 196600aMagnetism /cEdited by George T. Rado [and] Harry Suhl.nvolume IV : pexchange interactions among itinerant electrons aNew York :bAcademic Press,cc1966. axiii, 407 p. :billus., diagrs.c24 cm. aIncludes bibliographies and index.1 av. 1. Magnetic ions in insulators, their interactions, resonances, and optical properties.--v. 2A. Statistical models, magnetic symmetry, hyperfine interactions, and metals.--v. 2B. Interactions and metals.--v. 3. Spin arrangements and crystal structure, domains, and micromagnetics.--v. 4. Exchange interactions among itinerant electrons, by C. Herring.  0aMagnetism. 0aNuclear magnetism. 0aQuantum theory.1 aRado, George T.1 aSuhl, Harry,ejoint ed.1 aHerring C.